An Album of Maya Architecture /

Estudio panorámico sobre once de los sitios arqueológicos más célebres de la arquitectura maya: Chichén Itzá, Uxmal, Kabah, Labná y Sayil, en Yucatán; Palenque, Chiapas; Xpuhil, Campeche; Uaxactún, Tikal y Piedras Negras, en Guatemala y Copán, Honduras. La presente edición integra en una misma secue...

Full beskrivning

Sparad:
Bibliografiska uppgifter
Huvudupphov: Proskouriakoff, Tatiana (autor)
Materialtyp: Bok
Språk:engelska
Serie:(Dover Books on Architecture)
Ämnen:
Taggar: Lägg till en tagg
Inga taggar, Lägg till första taggen!

MARC

LEADER 00000nam^a2200000^a^4500
001 000184833
005 20250521000000.0
009 20260310102130.279
020 |a 0-486-42484-7 
037 |a Acervo ITESO - Biblioteca 
041 |a ING 
082 |a 720. 97201  |b PRO 
100 |a Proskouriakoff, Tatiana  |e (autor) 
240 1 1 |a [Album de arquitectura maya] 
245 1 3 |a An Album of Maya Architecture /  |c T. Proskouriakoff. 
264 |a Mineola, EUA :  |b Dover,  |c 2002 
300 |a 128 p. 
336 |a texto  |b txt  |2 rdacontenido 
337 |a sin mediación  |b n  |2 rdamedio 
338 |a volumen  |b nc  |2 rdasoporte 
440 1 |a (Dover Books on Architecture) 
520 |a Estudio panorámico sobre once de los sitios arqueológicos más célebres de la arquitectura maya: Chichén Itzá, Uxmal, Kabah, Labná y Sayil, en Yucatán; Palenque, Chiapas; Xpuhil, Campeche; Uaxactún, Tikal y Piedras Negras, en Guatemala y Copán, Honduras. La presente edición integra en una misma secuencia de paginación las diferentes ilustraciones, en tanto que la traducción al español las incorpora en forma de láminas: 29 numeradas y cuatro sin numerar. 
649 |a XX 
650 |a Arquitectura Maya -  |z Yucatán -  |x Historia y Crítica 
650 |a Arquitectura Maya -  |z México -  |x Historia y Crítica 
650 |a Arquitectura Maya -  |z Guatemala -  |x Historia y Crítica 
650 |a Arquitectura Maya -  |z Honduras -  |x Historia y Crítica 
650 |a Arquitectura Maya -  |x Historia y Crítica -  |x Tema Principal 
650 |a Arquitectura Prehispánica -  |z Yucatán -  |x Historia y Crítica 
650 |a Arquitectura Prehispánica -  |z México -  |x Historia y Crítica 
650 |a Arquitectura Prehispánica -  |z Guatemala -  |x Historia y Crítica 
650 |a Arquitectura Prehispánica -  |z Honduras -  |x Historia y Crítica 
650 |a Arquitectura Prehispánica -  |x Historia y Crítica 
650 |a Arte Maya -  |z Yucatán -  |x Historia y Crítica 
650 |a Arte Maya -  |z México -  |x Historia y Crítica 
650 |a Arte Maya -  |z Guatemala -  |x Historia y Crítica 
650 |a Arte Maya -  |z Honduras -  |x Historia y Crítica 
650 |a Arte Maya -  |x Historia y Crítica 
650 |a Arte Prehispánico -  |z Yucatán -  |x Historia y Crítica 
650 |a Arte Prehispánico -  |z México -  |x Historia y Crítica 
650 |a Arte Prehispánico -  |z Guatemala -  |x Historia y Crítica 
650 |a Arte Prehispánico -  |z Honduras -  |x Historia y Crítica 
650 |a Arte Prehispánico -  |x Historia y Crítica 
650 |a México -  |x Historia -  |y Epoca Prehispánica 
650 |a Guatemala -  |x Historia -  |y Epoca Prehispánica 
650 |a Honduras -  |x Historia -  |y Epoca Prehispánica 
910 |a Fondo General 
920 |a Impresos - Libros 
930 |a Reserva Especial 
905 |a 103 
901 |a 0500125740  |b IT1  |c REE  |u 20250521 
902 |a https://opac.biblio.iteso.mx/vufind/Record/000184833